[Event "Avoine op 25th"]
[Site "Avoine"]
[Date "2010.07.21"]
[Round "5"]
[White "Bruneau, Francois"]
[Black "Gaulin, Jean Pierre"]
[Result "1-0"]
[WhiteElo "2032"]
[BlackElo "1717"]
[PlyCount "71"]
[EventDate "2010.07.17"]
[EventType "swiss"]
[EventRounds "9"]
[EventCountry "FRA"]
[SourceTitle "EXT 2011"]
[Source "ChessBase"]
[SourceDate "2010.11.26"]
[SourceVersion "1"]
[SourceVersionDate "2010.11.26"]
[SourceQuality "1"]

1. e4 c5 2. Nc3 Nc6 3. Bb5 a6 4. Bxc6 dxc6 5. d3 e5 6. f4 exf4 7. Bxf4 Bd6 8. Bxd6 Qxd6 9. Nf3 Bg4 10. 0-0 0-0-0 11. Qe1 f6 12. e5 fxe5 13. Qxe5 Nf6 14. Qxd6 Rxd6 15. Rae1 Re8 16. Rxe8+ Nxe8 17. Ng5 Nf6 18. Nge4 Nxe4 19. Nxe4 Rd5 20. Rf8+ Kc7 21. Rf7+ Kb6 22. Rxg7 Bf5 23. Nf6 Rd6 24. g4 Bxd3 25. cxd3 Rxf6 26. Rxh7 Rd6 27. Rh3 c4 28. dxc4 Rd1+ 29. Kf2 Rd2+ 30. Ke1 Rd4 31. Rg3 Rxc4 32. g5 Kc7 33. g6 Re4+ 34. Kd2 Re8 35. h4 Rg8 36. h5 1-0

[Event "Avoine op 25th"]
[Site "Avoine"]
[Date "2010.07.19"]
[Round "3"]
[White "Algaba, Pedro"]
[Black "Bruneau, Francois"]
[Result "0-1"]
[WhiteElo "1892"]
[BlackElo "2032"]
[PlyCount "50"]
[EventDate "2010.07.17"]
[EventType "swiss"]
[EventRounds "9"]
[EventCountry "FRA"]
[SourceTitle "EXT 2011"]
[Source "ChessBase"]
[SourceDate "2010.11.26"]
[SourceVersion "1"]
[SourceVersionDate "2010.11.26"]
[SourceQuality "1"]

1. e4 d6 2. d4 Nf6 3. Bd3 e5 4. c3 d5 5. dxe5 dxe4 6. exf6 exd3 7. fxg7 Bxg7 8. Be3 Nc6 9. Nf3 Bg4 10. Nbd2 Qd5 11. Qa4 Bd7 12. Qe4+ Qxe4 13. Nxe4 0-0-0 14. Kd2 h6 15. Rhe1 Bg4 16. Ng1 Na5 17. b3 b6 18. h3 Be6 19. Nf3 Bxb3 20. Bd4 Bxd4 21. Nxd4 Ba4 22. Rab1 c5 23. Nf3 f5 24. Ne5 Rhe8 25. f4 Rxe5 0-1

[Event "FRA-ch op-A"]
[Site "Pau"]
[Date "2008.08.16"]
[Round "5"]
[White "Kharmoudi, Slimane"]
[Black "Bruneau, Francois"]
[Result "1-0"]
[WhiteElo "2087"]
[BlackElo "2002"]
[PlyCount "67"]
[EventDate "2008.08.11"]
[EventType "swiss"]
[EventRounds "9"]
[EventCountry "FRA"]
[SourceTitle "CBM 126 Extra"]
[Source "ChessBase"]
[SourceDate "2008.11.05"]
[SourceVersion "1"]
[SourceVersionDate "2008.11.05"]
[SourceQuality "1"]

1. e4 d6 2. d4 Nf6 3. Nc3 g6 4. f3 c6 5. Be3 Qb6 6. Qc1 Bg7 7. Bc4 d5 8. exd5 Qb4 9. Bb3 Nxd5 10. a3 Qa5 11. Bd2 Nxc3 12. Bxc3 Qh5 13. Ne2 0-0 14. Qe3 Bf6 15. 0-0-0 a5 16. h4 Qb5 17. a4 Qa6 18. h5 g5 19. h6 Bf5 20. Ng3 Bg6 21. Ne4 Bxe4 22. fxe4 e6 23. Rh5 Kh8 24. Rxg5 Nd7 25. d5 e5 26. Rf5 cxd5 27. Rxd5 Rad8 28. Bxa5 Qc6 29. Bxd8 Bxd8 30. Qd2 Nc5 31. Rxd8 Nxb3+ 32. Kd1 Qc5 33. Rxf8+ Qxf8 34. cxb3 1-0

[Event "FRA-ch op-A"]
[Site "Pau"]
[Date "2008.08.13"]
[Round "2"]
[White "Bruneau, Francois"]
[Black "Frih, Ameur"]
[Result "1/2-1/2"]
[WhiteElo "2002"]
[BlackElo "2103"]
[PlyCount "66"]
[EventDate "2008.08.11"]
[EventType "swiss"]
[EventRounds "9"]
[EventCountry "FRA"]
[SourceTitle "CBM 126 Extra"]
[Source "ChessBase"]
[SourceDate "2008.11.05"]
[SourceVersion "1"]
[SourceVersionDate "2008.11.05"]
[SourceQuality "1"]

1. e4 c6 2. d4 d5 3. Nc3 dxe4 4. Nxe4 Bf5 5. Ng3 Bg6 6. N1e2 e5 7. dxe5 Qa5+ 8. c3 Qxe5 9. Qb3 Qc7 10. Bf4 Qb6 11. Be3 Qxb3 12. axb3 Nd7 13. b4 a6 14. Nf4 Ngf6 15. b5 cxb5 16. Bxb5 Rc8 17. Ba4 Bc5 18. Bxc5 Rxc5 19. 0-0 0-0 20. Rfe1 Nb6 21. Nxg6 hxg6 22. Bc2 Rd8 23. Re7 Rd7 24. Rxd7 Nbxd7 25. h3 Kf8 26. Kf1 Nb6 27. Ne4 Nxe4 28. Bxe4 Rc7 29. Rd1 Ke7 30. Rd4 Nc8 31. Ke2 Nd6 32. Bd5 b5 33. Rd3 a5 1/2-1/2

[Event "Avoine op 22nd"]
[Site "Avoine"]
[Date "2007.07.28"]
[Round "8"]
[White "Foucaud, Philippe"]
[Black "Bruneau, Francois"]
[Result "0-1"]
[WhiteElo "1832"]
[BlackElo "2064"]
[PlyCount "100"]
[EventDate "2007.07.21"]
[EventType "swiss"]
[EventRounds "9"]
[EventCountry "FRA"]
[SourceTitle "EXT 2010"]
[Source "ChessBase"]
[SourceDate "2010.11.25"]
[SourceVersion "1"]
[SourceVersionDate "2010.11.25"]
[SourceQuality "1"]

1. e4 d6 2. d4 Nf6 3. f3 Nbd7 4. Be3 e5 5. d5 c6 6. c4 Be7 7. Bd3 0-0 8. Ne2 Nc5 9. Bc2 Ne8 10. 0-0 f5 11. Nbc3 Na6 12. a3 f4 13. Bd2 Bh4 14. Be1 Bxe1 15. Qxe1 Qb6+ 16. Kh1 Qxb2 17. Qd2 Qb6 18. Rfb1 Qc7 19. dxc6 bxc6 20. Na4 Kh8 21. Nec3 Be6 22. Qe2 Nf6 23. Rd1 Rfd8 24. Rd2 Ne8 25. Rad1 Rdb8 26. g3 Qf7 27. c5 Nxc5 28. Nxc5 dxc5 29. Na4 fxg3 30. hxg3 Qh5+ 31. Kg1 Qh3 32. Qf2 c4 33. Qh2 Qxh2+ 34. Kxh2 h6 35. Nc3 Rb2 36. Ba4 Rxd2+ 37. Rxd2 Rc8 38. Kg2 Kg8 39. Kf2 Kf7 40. f4 exf4 41. gxf4 g6 42. Ke3 Rc7 43. Ne2 Nf6 44. Nd4 Bd7 45. Rc2 c5 46. Bxd7 cxd4+ 47. Kxd4 Rxd7+ 48. Ke3 Rd3+ 49. Ke2 Rd4 50. e5 Nd5 0-1

[Event "Avoine op 22nd"]
[Site "Avoine"]
[Date "2007.07.21"]
[Round "1"]
[White "Bruneau, Francois"]
[Black "Gerard, Nicolas"]
[Result "0-1"]
[WhiteElo "2064"]
[BlackElo "2276"]
[PlyCount "102"]
[EventDate "2007.07.21"]
[EventType "swiss"]
[EventRounds "9"]
[EventCountry "FRA"]
[SourceTitle "EXT 2010"]
[Source "ChessBase"]
[SourceDate "2010.11.25"]
[SourceVersion "1"]
[SourceVersionDate "2010.11.25"]
[SourceQuality "1"]

1. e4 c5 2. Nc3 Nc6 3. Bb5 Nd4 4. Bc4 g6 5. Nge2 Bg7 6. Nxd4 cxd4 7. Qf3 e6 8. Nb5 Be5 9. c3 dxc3 10. Nxc3 Ne7 11. 0-0 Nc6 12. Ne2 0-0 13. Rd1 f5 14. d4 fxe4 15. Qe3 Bg7 16. d5 Ne5 17. Qxe4 Nxc4 18. Qxc4 Qf6 19. Be3 d6 20. dxe6 Bxe6 21. Qd4 Qf7 22. Qb4 Bxa2 23. Nc3 Be6 24. Rxa7 Rxa7 25. Bxa7 Be5 26. Be3 Rc8 27. f3 Rc4 28. Qb6 Qc7 29. Qxc7 Rxc7 30. Nb5 Rc4 31. Nd4 Bd7 32. f4 Bg7 33. Kf2 Rb4 34. Rd2 Kf7 35. Kf3 Ke7 36. g4 Bc6+ 37. Kg3 Be4 38. h4 d5 39. Kf2 Kd7 40. f5 gxf5 41. gxf5 Bf6 42. Kg3 h5 43. Kh3 Be5 44. f6 Bxf6 45. Kg3 Be5+ 46. Kf2 Bf6 47. Kg3 Ra4 48. Bf2 Be5+ 49. Kh3 Ra1 50. Bg3 Rh1+ 51. Rh2 Bxd4 0-1

[Event "Pic d'Anie op 3rd"]
[Site "Pic d'Anie"]
[Date "2006.08.08"]
[Round "2"]
[White "Bruneau, Francois"]
[Black "Gipouloux, Laurent"]
[Result "1-0"]
[WhiteElo "2070"]
[BlackElo "1806"]
[PlyCount "87"]
[EventDate "2006.08.07"]
[EventType "swiss"]
[EventRounds "7"]
[EventCountry "FRA"]
[SourceTitle "CBM 113 Extra"]
[Source "ChessBase"]
[SourceDate "2006.09.14"]
[SourceVersion "1"]
[SourceVersionDate "2006.09.14"]
[SourceQuality "1"]

1. e4 e5 2. Nf3 Nc6 3. Bb5 a6 4. Ba4 Nf6 5. 0-0 Nxe4 6. Qe2 Nf6 7. Nxe5 Be7 8. Nxc6 dxc6 9. Re1 Be6 10. Bb3 Nd5 11. d4 0-0 12. Nc3 Bb4 13. Bd2 Re8 14. Nxd5 Bxd2 15. Qxd2 cxd5 16. Qf4 Re7 17. Re3 Qd6 18. Qxd6 cxd6 19. Bxd5 Rae8 20. Bf3 d5 21. Rae1 Kf8 22. h3 Rd7 23. c4 Red8 24. c5 Rc8 25. b4 Ra8 26. a4 Rb8 27. Kh2 b6 28. c6 Rc7 29. b5 axb5 30. axb5 Ra8 31. Re5 Ra5 32. Rb1 Ra4 33. Bxd5 Rxd4 34. Bxe6 fxe6 35. Rxe6 Rd5 36. Rb3 Kf7 37. Re4 Rc5 38. Rf3+ Kg6 39. Re6+ Kh5 40. g4+ Kg5 41. Kg3 g6 42. Rf5+ Kh6 43. Rxc5 bxc5 44. b6 1-0

[Event "FRA-chT3 Gr12 0304"]
[Site "Loire"]
[Date "2003.10.12"]
[Round "1.1"]
[White "Bruneau, Francois"]
[Black "Duluc, Jeremie"]
[Result "0-1"]
[WhiteElo "2039"]
[BlackElo "2190"]
[PlyCount "222"]
[EventDate "2003.10.12"]
[EventType "team"]
[EventRounds "9"]
[EventCountry "FRA"]
[SourceTitle "EXT 2008"]
[Source "ChessBase"]
[SourceDate "2007.11.25"]
[SourceVersion "1"]
[SourceVersionDate "2007.11.25"]
[SourceQuality "1"]

1. e4 c6 2. d4 d5 3. Nc3 dxe4 4. Nxe4 Bf5 5. Ng3 Bg6 6. N1e2 e6 7. Nf4 Bd6 8. Nxg6 hxg6 9. Ne4 Nf6 10. Nxd6+ Qxd6 11. h3 Nbd7 12. c3 Nd5 13. Bd2 N7f6 14. Qf3 0-0 15. Be2 b5 16. 0-0 Nb6 17. Rfe1 b4 18. cxb4 Qxd4 19. Bc3 Qd6 20. a3 Nbd5 21. Bd4 Rfd8 22. Rac1 Nd7 23. Bd1 Nxb4 24. axb4 Qxd4 25. Qxc6 Qxb4 26. Bf3 Qxb2 27. Qa6 Rab8 28. Qxa7 Ne5 29. Be4 Rb4 30. Qc5 Qd4 31. Qxd4 Rbxd4 32. Rc5 Nd7 33. Rc7 g5 34. Bf3 Nf6 35. Ra1 R4d7 36. Raa7 Rxc7 37. Rxc7 Rd7 38. Rc5 Nd5 39. Bxd5 Rxd5 40. Rc8+ Kh7 41. Kf1 Kg6 42. Rc6 Rd2 43. Ra6 Rd4 44. f3 Rd2 45. Kg1 Kf6 46. Kh2 Rd7 47. Kg3 Kf5 48. Ra8 f6 49. Ra2 e5 50. Ra5 Re7 51. Kf2 Kg6 52. Ra6 e4 53. fxe4 Rxe4 54. Rb6 g4 55. hxg4 Kg5 56. g3 Kxg4 57. Rb7 g5 58. Rb6 f5 59. Rb2 Kh3 60. Rb5 Kg4 61. Rb2 Ra4 62. Kg2 Ra5 63. Rb4+ Kh5 64. Rb2 g4 65. Rc2 Kg5 66. Rf2 Rd5 67. Ra2 Kf6 68. Re2 Re5 69. Ra2 Re4 70. Ra6+ Re6 71. Ra2 Rd6 72. Re2 Rd1 73. Kf2 Rd5 74. Kg2 Re5 75. Ra2 Ke6 76. Rd2 Re4 77. Ra2 Rd4 78. Re2+ Kd5 79. Kf2 Rd3 80. Ra2 Ke4 81. Re2+ Kd4 82. Ra2 Rf3+ 83. Kg2 Rd3 84. Rf2 Ke4 85. Rf4+ Ke5 86. Rf2 Rd4 87. Ra2 Ke4 88. Rf2 Rd5 89. Re2+ Kd3 90. Ra2 Ke3 91. Ra3+ Rd3 92. Ra5 Rd2+ 93. Kf1 Ke4 94. Ra4+ Kf3 95. Rf4+ Kxg3 96. Rxf5 Rd1+ 97. Ke2 Rc1 98. Rg5 Rb1 99. Rg8 Rb7 100. Kf1 Rf7+ 101. Kg1 Ra7 102. Kf1 Kh4 103. Rh8+ Kg3 104. Rg8 Ra1+ 105. Ke2 Kh3 106. Rh8+ Kg2 107. Rg8 g3 108. Rh8 Ra7 109. Ke3 Kg1 110. Kf3 g2 111. Rg8 Kf1 0-1